Регионална библиотека "Любен Каравелов" - Русе

Устие (Запис номер 179474)

MARC детайли
000 -Лидер
Контролно поле с фиксирана дължина 01812nam a2200361 a 4500
003 - Код на организацията, давaща контролен номер
Контролно поле BLK
005 - Дата и час на последна редакция
Контролно поле 20240620005257.0
008 - Елементи от данни с фиксирана дължина
fixed length control field 180411b bul|||||r ||||||| ||bul||
010 ## - Наследен системен номер
LC control number KNG00188253000
020 ## - Международен стандартен номер на книга ISBN
Международен стандартен номер на книга ISBN 978-954-09-0976-9
040 ## - Източник на каталожния запис
Идентификатор на билиотеката - собственик на записа BLK
041 ## - Код за език
Код за езика на текст/звукозапис или на отделно заглавие Български
Код за езика КДБФ Български
072 #7 - Код за тематичната категория
Код организация bullib
Код за тематична категория Н8400
Текст Българска поезия Н
080 ## - УДК
Текстов определител УДК Българска литература
УДК код - определител по УДК 821.163.2
УДК определител -1
УДК - код + определител 821.163.2-1
100 1# - Редна дума - Автор
Автор Гранитски, Иван
Пълна форма на името Димитров, Иван Йорданов
Дати, свързани с автора 1953-
Автор - информация (биография) Журналист, литературен критик, теоретик и историк, поет, публицист и издател.
Авторска отговорност първи автор
R(LIN) 55767
139 ## - Редно поле
Редна дума Гранитски, Иван
Авторски знак Гран - Г 77
245 10 - Сведения за заглавието
Заглавие Устие
Редно поле (дума) Иван Гранитски; послесл. от Панко Анчев; худож. Стефан Марков.
257 ## - Страна на издаване
Страна на създаване/издаване България
260 ## - Област на издателските данни
Място на издаване, разпространение и проч. София
Име на издателя, разпространителя и проч. Захарий Стоянов
Година на издаване 2015
Печатница София : Д. Благоев
300 ## - Физическа характеристика
Страници 88 с.
Илюстрации и др. с цв. ил.
Размери/Мащаб 22 см
380 ## - Жанр
Жанр Худож. лит.
500 ## - Общи забележки
Забележка Иван Гранитски - псевд. на Иван Йорданов Димитров. - Метафорите на свободата / Панко Анчев: с. 79-85. - Кн. е илюстрирана с рис. на: Стефан Марков
659 ## - Тематичен бюлетин
Тематичен бюлетин Н
700 1# - Други автори (авторска отговорност)
Лично име Анчев, Панко Кирилов
Дати, свързани с автора 1946 -
Друга информация Литературовед, историк, философ, публицист.
9 (RLIN) 32971
700 1# - Други автори (авторска отговорност)
Лично име Марков, Стефан
Автороска отговорност (Описва отношението между автора и произведението) худож.
9 (RLIN) 367301
852 ## - Местоположение
Форматна сигнатура Цб 280861
856 4# - Електронен адрес и достъп
Електронен формат pdf - файл
856 4# - Електронен адрес и достъп
Електронен формат pdf - файл
999 ## - СИСТЕМНИ КОНТРОЛНИ НОМЕРА
Koha biblionumber 179474
Koha biblioitemnumber 179474
942 ## - АРТИКУЛИ
Вид на библиотечния материал Книги
Скрит в OPAC Не
Периодичен библиозапис Да
944 ## - СЪЗДАВАНЕ И РЕДАКЦИЯ на ЗАПИСА
Създаване/Редакция Създаване
Дата на регистрацията/редакция 07.06.2016
Служител, извършил регистрацията/редакцията
Статус, дата на статуса CRON CRON
944 ## - СЪЗДАВАНЕ И РЕДАКЦИЯ на ЗАПИСА
Създаване/Редакция Редакция
Дата на регистрацията/редакция 22.06.2016
Служител, извършил регистрацията/редакцията Симона_Петрова
999 ## - СИСТЕМНИ КОНТРОЛНИ НОМЕРА
Koha biblioitemnumber 179474
Наличности
Код за отписване Код за изгубен артикул Код за повреда Коз за рестрикции Код за отдаване Артикулен № Име на библиотеката - собственик Име на библиотеката, в която се намира в момента Статус (Текущо местоположение) Дата на вписване в системата Местоположение - отдел Цена в лева Инвентарен номер Систематично азбучна сигнатура Баркод Номер на екземпляра Цена в евро Служебна бележка Служебен тип на артикула Източник на класификационната схема
  Не е изгубен Не е повреден без рестрикции ползва се в читалня 307840 Регионална библиотека "Любен Каравелов" Русе Регионална библиотека "Любен Каравелов" Русе Хранилище 2016-06-10 Хранилище 15.00 120000800788 Цб 280861 120000800788 1 7.67 Дост: Dp Вид: Д N: 17 Дата: 31.03.2016 Книги  
  Не е изгубен Не е повреден само за читалня ползва се в читалня 837218 Регионална библиотека "Любен Каравелов" Русе Регионална библиотека "Любен Каравелов" Русе Заемна - подръчен фонд 2021-06-16 Заемна - подръчен фонд 15.00   821.163.2-1/Г 77 И 120000856508   7.67   Книги Universal Decimal Classification
Vip Innovations Ltd, Rousse, Bulgaria 2025